A discovery guide undersea world / (Record no. 183230)
[ view plain ]
| 000 -LEADER | |
|---|---|
| fixed length control field | 01026 a2200253 4500 |
| 003 - CONTROL NUMBER IDENTIFIER | |
| control field | Nust |
| 005 - DATE AND TIME OF LATEST TRANSACTION | |
| control field | 20230714125046.0 |
| 010 ## - LIBRARY OF CONGRESS CONTROL NUMBER | |
| LC control number | 81051497 |
| 020 ## - INTERNATIONAL STANDARD BOOK NUMBER | |
| International Standard Book Number | 0861014960 |
| 040 ## - CATALOGING SOURCE | |
| Transcribing agency | Nust |
| 082 00 - DEWEY DECIMAL CLASSIFICATION NUMBER | |
| Classification number | 591,PAG |
| 100 1# - MAIN ENTRY--PERSONAL NAME | |
| Personal name | Eichard Dr |
| 9 (RLIN) | 113649 |
| 245 14 - TITLE STATEMENT | |
| Title | A discovery guide undersea world / |
| Statement of responsibility, etc. | Dr. Richard, Pagett |
| 260 ## - PUBLICATION, DISTRIBUTION, ETC. | |
| Place of publication, distribution, etc. | Morristown, N.J. : |
| Name of publisher, distributor, etc. | Silver Burdett Co., |
| Date of publication, distribution, etc. | c1979, 1981 printing. |
| 300 ## - PHYSICAL DESCRIPTION | |
| Extent | 64p. : |
| Other physical details | ill. (some col.) ; |
| Dimensions | 28 cm. |
| 440 #0 - SERIES STATEMENT/ADDED ENTRY--TITLE | |
| Title | Exploration and discovery |
| 9 (RLIN) | 113650 |
| 490 0# - SERIES STATEMENT | |
| Series statement | A Silver Burdett international library selection |
| 505 ## - FORMATTED CONTENTS NOTE | |
| Formatted contents note | Geology Under the Sea (Page-8), Physics of the Sea (Page-14), Chemistry of the Sea (Page-22), Sediments Around the Sea (Page-30), Ecology of the Sea (Page-38), Resources from the Sea (Page-48), Management of the Sea (Page-54). |
| 650 #0 - SUBJECT ADDED ENTRY--TOPICAL TERM | |
| Topical term or geographic name entry element | Deep diving |
| General subdivision | Equipment and supplies. |
| 9 (RLIN) | 113651 |
| 650 #0 - SUBJECT ADDED ENTRY--TOPICAL TERM | |
| Topical term or geographic name entry element | Ocean energy resources. |
| 9 (RLIN) | 113652 |
| 650 #0 - SUBJECT ADDED ENTRY--TOPICAL TERM | |
| Topical term or geographic name entry element | Ocean |
| General subdivision | Juvenile literature. |
| 9 (RLIN) | 113653 |
| 650 #0 - SUBJECT ADDED ENTRY--TOPICAL TERM | |
| Topical term or geographic name entry element | Ocean. |
| 9 (RLIN) | 113654 |
| 942 ## - ADDED ENTRY ELEMENTS (KOHA) | |
| Source of classification or shelving scheme | |
| Koha item type | Book |
| Call number prefix | 591,PAG |
| Withdrawn status | Lost status | Source of classification or shelving scheme | Damaged status | Not for loan | Permanent Location | Current Location | Shelving location | Date acquired | Full call number | Barcode | Date last seen | Price effective from | Koha item type | Public note |
|---|---|---|---|---|---|---|---|---|---|---|---|---|---|---|
| Military College of Signals (MCS) | Military College of Signals (MCS) | General Stacks | 12/12/2016 | 591,PAG | MCS2085 | 12/08/2016 | 12/12/2016 | Book | Almirah No.77, Shelf No.5 |
